000 00421nam a2200169Ia 4500
008 230524s9999 xx 000 0 und d
082 _a612
_bCHA
100 _aN.Chakraborty
_923698
245 0 _aFundamentals of Human Anatomy Vol-I
250 _a2ND
260 _aCALCUTTA
_bNCB
_c2005
300 _aIV;550
500 _aQuantity Number: 1
650 _aBiomedical
700 _a D.Chakraborty
_923699
942 _cBK
999 _c35242
_d35242